000 00887nam0a22002771 4500
001 rc\3447456
005 20250609235029.0
035 _a(NLR Aleph) 007571602
090 _a5411563
_c5411563
100 _a20130115d1969 |||y0rusy50 ca
101 0 _arus
102 _aRU
105 _aa z |||||
200 1 _aОсновы телемеханики
_e[Учеб. пособие
_fМ-во обороны СССР
210 _aМосква]
_cБ. и.
_d1969
215 _a391 с., 2 л. схем.
_cил.
_d20
309 _aОтпеч. множит. аппаратом
320 _aБиблиогр. в конце глав
333 _aДля внутриведомств. продажи
700 1 _aГончаров
_bР.В.
701 1 _aСоколов
_bВ.А.
801 0 _aRU
_bNLR
_gpsbo
801 1 _aRU
_bELAR
_2rusmarc
852 _aNLR
_j50К/19150
942 _cBOOK
980 _aNB